Регионална библиотека "Любен Каравелов" - Русе

Сборник тестове и задачи по икономикс (Запис номер 23462)

MARC детайли
000 -Лидер
Контролно поле с фиксирана дължина 01741nam a2200373 c 4500
003 - Код на организацията, давaща контролен номер
Контролно поле BLK
005 - Дата и час на последна редакция
Контролно поле 20210119105809.0
008 - Елементи от данни с фиксирана дължина
fixed length control field 180413b bul|||||r ||||||| ||bul||
010 ## - Наследен системен номер
LC control number KNG00025940000
020 ## - Международен стандартен номер на книга ISBN
Международен стандартен номер на книга ISBN 954-9574-21-0
040 ## - Източник на каталожния запис
Идентификатор на билиотеката - собственик на записа BLK
041 ## - Код за език
Код за езика на текст/звукозапис или на отделно заглавие Български
Код за езика КДБФ Български
080 ## - УДК
Текстов определител УДК Икономическа наука в цялост. Проблематика на икономическата наука. Предмет и методи на икономиката
УДК код - определител по УДК 330.101
УДК определител (076)(075.8)
УДК - код + определител 330.101(076)(075.8)
100 1# - Редна дума - Автор
Автор Атанасов, Атанас Петров
Авторска отговорност първи автор
R(LIN) 267080
139 ## - Редно поле
Редна дума Сборник тестове и задачи по икономикс
Авторски знак Сбо - С 23
245 10 - Сведения за заглавието
Заглавие Сборник тестове и задачи по икономикс
Редно поле (дума) Атанас Петров Атанасов; отг. ред. Стоядин Петков Савов.
250 ## - Област на изданието
Сведения за изданието 2. изд.
257 ## - Страна на издаване
Страна на създаване/издаване България
260 ## - Област на издателските данни
Място на издаване, разпространение и проч. София
Име на издателя, разпространителя и проч. Тракия-М
Година на издаване 1998
300 ## - Физическа характеристика
Страници 242 с.
Размери/Мащаб 26 см
380 ## - Жанр
Жанр Обществени науки
500 ## - Общи забележки
Забележка Кор. загл. Икономикс. - 1. изд. 1994 със загл. Сборник с текстове, задачи и въпроси за дискусия по икономикс. - Съдържа и за авторите.
650 #4 - Допълнително описание по предмет – тема
Основно описание – тема или топоним Икономически науки - учебници за ВУЗ
9 (RLIN) 256056
653 ## - Ключова дума – ненормативна
Ключова дума икономика
653 ## - Ключова дума – ненормативна
Ключова дума тестове
653 ## - Ключова дума – ненормативна
Ключова дума задачи
653 ## - Ключова дума – ненормативна
Ключова дума икономикс
700 1# - Други автори (авторска отговорност)
Лично име Савов, Стоядин Петков
Автороска отговорност (Описва отношението между автора и произведението) отг. ред.
9 (RLIN) 364740
852 ## - Местоположение
Форматна сигнатура Цб ІІ 9980
856 4# - Електронен адрес и достъп
Електронен формат pdf - файл
Път до файла /url/
856 4# - Електронен адрес и достъп
Електронен формат pdf - файл
Път до файла /url/
999 ## - СИСТЕМНИ КОНТРОЛНИ НОМЕРА
Koha biblionumber 23462
Koha biblioitemnumber 23462
942 ## - АРТИКУЛИ
Вид на библиотечния материал Книги
Скрит в OPAC Не
Периодичен библиозапис Да
944 ## - СЪЗДАВАНЕ И РЕДАКЦИЯ на ЗАПИСА
Създаване/Редакция Създаване
Дата на регистрацията/редакция 15.01.2003
Служител, извършил регистрацията/редакцията Кети_Илиева
944 ## - СЪЗДАВАНЕ И РЕДАКЦИЯ на ЗАПИСА
Създаване/Редакция Редакция
Дата на регистрацията/редакция 14.11.2012
999 ## - СИСТЕМНИ КОНТРОЛНИ НОМЕРА
Koha biblioitemnumber 23462
Наличности
Код за отписване Код за изгубен артикул Източник на класификационната схема Код за повреда Коз за рестрикции Код за отдаване Артикулен № Име на библиотеката - собственик Име на библиотеката, в която се намира в момента Статус (Текущо местоположение) Дата на вписване в системата Местоположение - отдел Цена в лева Инвентарен номер Систематично азбучна сигнатура Баркод Номер на екземпляра Цена в евро Служебна бележка Служебен тип на артикула
  Не е изгубен Universal Decimal Classification Не е повреден без рестрикции ползва се в читалня 38793 Регионална библиотека "Любен Каравелов" Русе Регионална библиотека "Любен Каравелов" Русе Читалня 2001-01-01 Читалня 14.00 644923 Ч 330/С 23 120000644923 1 7.16 Дата инв: 22.03.2017 Бележки инв: Ч2017 Книги
  Не е изгубен   Не е повреден без рестрикции ползва се в читалня 38794 Регионална библиотека "Любен Каравелов" Русе Регионална библиотека "Любен Каравелов" Русе Хранилище 2005-11-15 Хранилище 0.00 120000698136 Цб ІІ 9980 120000698136 2 0.00 Дост: Dp Вид: Д N: 46 Дата: 03.11.2004 Книги
Vip Innovations Ltd, Rousse, Bulgaria 2025